[Event "29th IND-ch U17 Girls 2018"]
[Site "Sonipat"]
[Date "2018.09.10"]
[Round "10"]
[White "Priyanka, Kumari"]
[Black "Bommini Mounika Akshaya"]
[Result "1-0"]
[WhiteElo "2005"]
[BlackElo "1787"]
[Annotator "NA RC"]
[PlyCount "113"]
[EventDate "2018.09.05"]
[EventCountry "IND"]
[SourceTitle "playchess.com"]
[Source "ChessBase"]
[SourceQuality "1"]
[TimeControl "5400+30"]

1. e4 {[%emt 0:00:00]} Nc6 {[%emt 0:00:00]} 2. Nf3 {[%emt 0:00:00]} d6 {[%emt 0:00:31]} 3. d4 {[%emt 0:00:01]} Nf6 {[%emt 0:00:01]} 4. Nc3 {[%emt 0:00:00]} Bg4 {[%emt 0:00:01]} 5. Be2 {[%emt 0:00:01]} e5 {[%emt 0:00:00]} 6. d5 {[%emt 0:00:00]} Ne7 {[%emt 0:00:00]} 7. Bg5 {[%emt 0:00:01] B00: Queen's Fianchetto Defence, Nimzowitsch Defence} Ng6 {[%emt 0:00:00]} 8. Nd2 {[%emt 0:00:00]} Bd7 {[%emt 0:00:01]} 9. h4 {[%emt 0:00:01]} h6 {[%emt 0:00:00]} 10. Bxf6 {[%emt 0:00:00]} Qxf6 {[%emt 1:09:41]} 11. g3 {[%emt 0:00:07]} Qd8 $146 {[%emt 0:00:15]} ({Predecessor:} 11... Be7 12. Bg4 Nf8 13. Qe2 Bxg4 14. Qxg4 Nd7 {1-0 (65) Puranik,A (2481)-Gusain,H (2438) Moscow 2017}) 12. Nc4 {[%emt 0:00:08]} Be7 {[%emt 0:00:21]} 13. Ne3 {[%emt 0:00:07]} Bf6 {[%emt 0:00:04]} 14. h5 {[%emt 0:00:04]} Ne7 {[%emt 0:00:03]} 15. Qd3 {[%emt 0:00:12]} Nc8 {[%emt 0:00:15]} 16. f4 {[%emt 0:00:05]} a6 {[%emt 0:00:03]} 17. a4 {[%emt 0:00:04]} Rb8 {[%emt 0:00:03]} 18. a5 {[%emt 0:00:29]} Na7 {[%emt 0:00:00]} 19. Kd2 {[%emt 0:00:04]} Nb5 {[%emt 0:00:13]} 20. Nxb5 {[%emt 0:00:06]} Bxb5 {[%emt 0:00:04]} 21. c4 {[%emt 0:00:20]} Bd7 {[%emt 0:00:03]} 22. Kc2 {[%emt 0:00:03]} Qc8 {[%emt 0:00:06]} 23. Rhf1 {[%emt 0:00:14]} b6 {[%emt 0:00:30]} 24. axb6 {[%emt 0:00:02]} cxb6 {[%emt 0:00:01]} 25. Qa3 $17 {[%emt 0:00:08]} Qc5 {[%emt 0:00:00]} 26. Qxc5 {[%emt 0:00:00]} bxc5 {[%emt 0:00:00]} 27. Rfb1 {[%emt 0:00:00]} Rb6 {[%emt 0:00:00]} 28. Bg4 {[%emt 0:00:01]} Ke7 {[%emt 0:00:00]} 29. Bxd7 {[%emt 0:00:02]} Kxd7 {[%emt 0:00:00]} 30. f5 {[%emt 0:00:00]} Rhb8 {[%emt 0:00:00]} 31. Nd1 {[%emt 0:00:01]} Bg5 {[%emt 0:00:00]} 32. Ra3 {[%emt 0:00:01]} Kc7 {[%emt 0:00:00]} 33. Rba1 {[%emt 0:00:01]} Ra8 {[%emt 0:00:00]} 34. Nc3 {[%emt 0:00:06]} Be7 {[%emt 0:00:00]} 35. Ra4 {[%emt 0:00:00]} Kc8 {[%emt 0:00:00]} 36. Ne2 {[%emt 0:00:02]} Bg5 {[%emt 0:00:00]} 37. R1a3 {[%emt 0:00:02]} Rab8 {[%emt 0:00:00]} 38. b3 {[%emt 0:00:01]} Ra8 {[%emt 0:00:00]} 39. Kd3 {[%emt 0:00:02]} Kc7 {[%emt 0:00:00]} 40. Nc3 {[%emt 0:00:01]} Be7 {[%emt 0:00:00]} 41. Nd1 {[%emt 0:00:02]} Bg5 {[%emt 0:00:00]} 42. Nc3 {[%emt 0:00:00]} Be7 {[%emt 0:00:00]} 43. Na2 {[%emt 0:00:02]} a5 {[%emt 0:00:00]} 44. Kc2 {[%emt 0:00:05]} Rba6 {[%emt 0:00:00]} 45. b4 {[%emt 0:00:03]} Kb6 {[%emt 0:00:00]} 46. bxc5+ {[%emt 0:00:01]} dxc5 {[%emt 0:00:00]} 47. Rb3+ {[%emt 0:00:01]} Kc7 {[%emt 0:00:00]} 48. Rb5 {[%emt 0:00:00]} Kd6 {[%emt 0:00:00]} 49. Nc1 {[%emt 0:00:00]} Bd8 {[%emt 0:00:00]} 50. Na2 {[%emt 0:00:02]} Bc7 {[%emt 0:00:00]} 51. Nc3 {[%emt 0:00:02]} Bb6 {[%emt 0:00:00]} 52. Ra3 {[%emt 0:00:01]} Rb8 {[%emt 0:00:00]} 53. Na4 {[%emt 0:00:00]} Ba7 {[%emt 0:00:00]} 54. Rxb8 {[%emt 0:00:00]} Bxb8 {[%emt 0:00:00]} 55. Rb3 {[%emt 0:00:00]} Ba7 {[%emt 0:00:00]} 56. Rb7 {[%emt 0:00:00]} f6 {[%emt 0:00:00]} 57. Kb3 {[%emt 0:00:00]} 1-0

[Event "29th IND-ch U17 Girls 2018"]
[Site "Sonipat"]
[Date "2018.09.10"]
[Round "10"]
[White "Srimathi R"]
[Black "Arpita, Mukherjee"]
[Result "0-1"]
[WhiteElo "1828"]
[BlackElo "2207"]
[Annotator "TA"]
[PlyCount "106"]
[EventDate "2018.09.05"]
[EventCountry "IND"]
[SourceTitle "playchess.com"]
[Source "ChessBase"]
[SourceQuality "1"]

{[%evp 22,106,0,-5,10,-11,-4,-11,0,-6,0,0,0,0,0,-28,-28,-22,-22,-62,-60,-59,-62,-108,-115,-134,0,-14,-9,-9,-7,-429,-427,-692,-283,-280,-280,-258,-275,-250,-251,-735,-723,-696,-312,-300,0,-312,-234,-321,-287,-309,-230,-353,-318,-487,-487,-475,-460,-443,-427,-29969,-29970,-29972,-29972,-29972,-29975,-29972,-29973,-29970,-11000,-29981,-29982,-29983,-29984,-29984,-29985,-29984,-29985,-29986,-29987,-29987,-29988,-29989,-29990,-29990,-29991]} 1. e4 c5 2. Nf3 d6 3. d4 cxd4 4. Nxd4 Nf6 5. Nc3 a6 6. Be2 e5 7. Nb3 Be7 8. Be3 O-O 9. O-O Be6 10. f4 exf4 11. Bxf4 Nc6 12. Kh1 {LiveBook: 70 Games} b5 {B92: Sicilian Najdorf: 6 Be2} (12... d5 13. exd5 Nxd5 14. Nxd5 Qxd5 15. Bf3 Qc4 16. Be2 Qd5 17. Bf3 Qxd1 18. Raxd1 Rad8 19. c3 Rfe8 20. h3 h6 {0-1 (45) Lewicki,M (2404)-Krzyzanowski,M (2457) Bialystok 2017}) 13. Bf3 Ne5 14. Nd5 Bxd5 {The position is equal.} (14... Bd7 {with more complications.} 15. Ne3 Re8 16. Nd4 Qb6 17. Bg5 h6) 15. exd5 Nfd7 $146 ({Predecessor:} 15... Nc4 16. Nd4 Nxb2 17. Qe1 Re8 18. Nf5 {1-0 (52) Muskardin,M (2008)-Majer,I (1955) Bjelolasica 2008}) 16. Nd4 Bf6 17. c3 Qb6 18. Nf5 g6 19. Nh6+ Kh8 20. Bg4 Bg7 $1 21. Bxd7 Nxd7 22. Bg5 f5 23. g4 {[%cal Rg4f5] [#]} fxg4 (23... f4 $1 $17 {[%mdl 512] White must now prevent ...Qc5.} 24. Rxf4 Rxf4 25. Bxf4 Rf8) 24. Qxg4 Ne5 $36 {[%mdl 2048] Black has the initiative.} 25. Qe6 $1 Rae8 26. Be7 $2 {[%mdl 8192]} (26. Rxf8+ $11 {and White stays safe.} Rxf8 27. Be7) 26... Rf2 $19 ({Not} 26... Bxh6 27. Rxf8+ Rxf8 28. Bxd6 $11) 27. Qh3 (27. Qxd6 $142 Qe3 28. Rxf2 Qxf2 29. Qe6 Qf3+ 30. Kg1 Qe3+ 31. Kh1 Qxh6 32. Bg5 Rxe6 33. Bxh6) 27... Rxf1+ (27... Rxe7 $142 28. Qc8+ Bf8) 28. Rxf1 {White wants to play Qe6.} Qb7 29. Bg5 Qxd5+ 30. Qg2 Qxa2 31. Bf6 $2 (31. Qe4) 31... Bxf6 32. Rxf6 Qb1+ (32... Kg7 $142 33. Rxd6 Kxh6) 33. Rf1 Qa2 $2 (33... Qd3 $19 {Strongly threatening ...d5.} 34. h3 d5) 34. Qd2 $2 {[%mdl 8192]} (34. Rf6 $1 $11 Kg7 35. Rxd6 Kxh6 36. Rd1) 34... Qe6 35. Qf4 a5 {[%cal Ba6a5,Ba5a4][%mdl 32]} 36. Kg1 a4 37. Qg5 (37. Qd4 {was called for.}) 37... Qe7 38. Qf4 (38. h4 {keeps fighting.}) 38... Kg7 39. Ng4 Nxg4 40. Qxg4 {[%mdl 4096] Endgame KQR-KQR} Qe3+ 41. Rf2 (41. Kh1 $19) 41... Rf8 42. Qg2 Rxf2 43. Qxf2 Qxf2+ 44. Kxf2 {KP-KP} Kf6 45. Ke3 Ke5 46. h4 h6 {Black mates.} 47. Kf3 d5 48. Ke3 g5 49. hxg5 hxg5 50. Kf3 d4 51. cxd4+ Kxd4 52. Kg4 b4 53. Kxg5 a3 {Precision: White = 19%, Black = 74%.} 0-1

[Event "29th IND-ch U17 Girls 2018"]
[Site "Sonipat"]
[Date "2018.09.10"]
[Round "10"]
[White "Tejasvi M"]
[Black "Jyothsna L"]
[Result "1/2-1/2"]
[WhiteElo "1747"]
[BlackElo "1964"]
[Annotator "NA RC"]
[PlyCount "73"]
[EventDate "2018.09.05"]
[EventCountry "IND"]
[SourceTitle "playchess.com"]
[Source "ChessBase"]
[SourceQuality "1"]
[TimeControl "5400+30"]

{[%evp 8,73,15,17,23,18,6,18,25,32767,32767,32767,32767,32767,32767,32767,32767,32767,32767,32767,32767,32767,32767,32767,32767,32767,32767,32767,19,21,5,5,16,0,-6,-10,-21,-1,0,0,0,0,0,0,0,-26,-29,-41,0,0,-8,-35,-28,-29,-5,-27,0,32767,32767,32767,-66,-85,0,-102,0,-92,-70,-66]} 1. e4 {[%emt 0:00:00]} c6 {[%emt 0:00:18]} 2. d4 {[%emt 0:00:08]} d5 {[%emt 0:00:00]} 3. Nc3 {[%emt 0:00:09]} dxe4 {[%emt 0:00:06]} 4. Nxe4 {[%emt 0:00:02]} Bf5 {[%emt 0:00:03]} 5. Ng3 {[%emt 0:00:10]} Bg6 $1 {[%emt 0:00:00]} 6. h4 {[%emt 0:00:07]} h6 {[%emt 0:00:04]} 7. Nf3 {[%emt 0:00:04]} Nd7 {[%emt 0:00:05]} 8. h5 {[%emt 0:00:08]} Bh7 {[%emt 0:00:00]} 9. Bd3 {[%emt 0:00:08]} Bxd3 {[%emt 0:00:07]} 10. Qxd3 {[%emt 0:00:59]} Qc7 {[%emt 0:00:01]} 11. Bd2 {[%emt 0:00:06]} e6 {[%emt 0:00:10]} 12. O-O-O {[%emt 0:00:47]} Ngf6 {[%emt 0:00:12]} 13. Ne4 {[%emt 0:00:17]} Nxe4 {[%emt 0:00:22]} 14. Qxe4 {[%emt 0:00:04]} Nf6 {[%emt 0:00:07]} 15. Qe2 {[%emt 0:00:06]} Bd6 {[%emt 0:00:21]} 16. g3 {[%emt 0:00:24]} O-O-O {[%emt 0:00:53]} 17. c4 {[%emt 0:00:19]} c5 {[%emt 0:19:23]} 18. Bc3 {[%emt 0:00:30]} cxd4 {[%emt 0:01:17]} 19. Nxd4 {[%emt 0:00:11]} a6 {[%emt 0:00:29]} 20. f4 {[%emt 0:24:45] LiveBook: 3 Games B19: Classical Caro-Kann: 4...Bf5 main line} (20. Kb1 Rd7 21. Rc1 Kb8 22. Nb3 Qc6 23. c5 Bc7 24. Rh4 Rhd8 25. Ba5 Qb5 26. Bxc7+ Rxc7 27. Qxb5 axb5 28. Nd4 {½-½ (38) Gao,R (2561)-Yu,R (2494) Hangzhou 2018}) 20... Rhe8 {[%emt 0:11:35]} 21. Nf3 {[%emt 0:10:45]} Qc6 {[%emt 0:05:06]} 22. Rde1 {[%emt 0:03:03]} Re7 {[%emt 0:11:51]} 23. Ne5 $146 {[%emt 0:25:44]} ({Predecessor:} 23. Kb1 Rc7 24. Ne5 Bxe5 25. fxe5 Ne4 26. Qe3 Nxc3+ 27. Qxc3 Qxc4 28. Qxc4 Rxc4 {0-1 (52) Fyllingen,R (2405)-Hole,O (2346) Oslo 2006}) 23... Bxe5 {[%emt 0:05:33]} 24. fxe5 {[%emt 0:01:56]} Nh7 {[%emt 0:01:07]} 25. Rhf1 {[%emt 0:08:28]} Red7 {[%emt 0:04:06]} 26. Ba5 {[%emt 0:04:58]} b6 {[%emt 0:01:18]} 27. Bc3 {[%emt 0:03:20]} Kb7 {[%emt 0:16:35]} 28. Kb1 {[%emt 0:04:31]} Ng5 {[%emt 0:00:43]} 29. Rf4 {[%emt 0:01:47]} Rd3 {[%emt 0:01:52]} 30. g4 {[%emt 0:01:47]} R8d7 {[%emt 0:01:57]} 31. Ref1 {[%emt 0:00:58]} Kc8 {[%emt 0:09:15]} 32. a3 {[%emt 0:07:19]} Kd8 {[%emt 0:00:14]} 33. Ka2 {[%emt 0:01:57]} Ke8 {[%emt 0:01:17]} 34. Kb3 $1 {[%emt 0:00:01]} Qc5 {[%emt 0:05:01]} 35. Qc2 {[%emt 0:00:39]} (35. Kc2 $1 $11) 35... Qc6 {[%emt 0:01:58]} (35... a5 $17 36. Ka2 Qc6) 36. Qe2 {[%emt 0:00:09]} a5 {[%emt 0:00:49]} 37. Kc2 $15 {[%emt 0:00:32]} 1/2-1/2

[Event "29th IND-ch U17 Girls 2018"]
[Site "Sonipat"]
[Date "2018.09.11"]
[Round "11"]
[White "Arpita, Mukherjee"]
[Black "Tejasvi M"]
[Result "1/2-1/2"]
[WhiteElo "2207"]
[BlackElo "1747"]
[Annotator "TA"]
[PlyCount "61"]
[EventDate "2018.09.05"]
[EventCountry "IND"]
[SourceTitle "playchess.com"]
[Source "ChessBase"]
[SourceQuality "1"]

{[%evp 22,61,18,19,26,0,0,0,0,0,0,0,0,0,31,0,25,24,33,0,7,0,53,0,0,0,31,0,0,-26,0,-52,-35,-35,-35,-32,-44,-47,-43,-45,-15,-89]} 1. e4 e5 2. Nf3 Nc6 3. Bb5 Bc5 4. O-O Nd4 5. Nxd4 Bxd4 6. c3 Bb6 7. d4 c6 8. Ba4 d6 9. Na3 Nf6 10. Nc4 Bc7 {C64: Ruy Lopez: Classical Defence (3...Bc5) except 4 0-0 Nf6} 11. Bc2 Be6 12. Ne3 {LiveBook: 3 Games} O-O 13. Qf3 {[#]} g6 $146 ({Predecessor:} 13... Re8 14. Rd1 Qe7 15. dxe5 dxe5 16. Nf5 Bxf5 17. Qxf5 g6 18. Qf3 {1-0 (33) Anand,V (2788)-Tkachiev,V (2642) Moscow 2009}) 14. dxe5 dxe5 15. b3 Qe7 16. a4 {[%cal Ba2a4,Ba4a5][%mdl 32]} Bd6 17. a5 a6 18. Rb1 h5 19. Qg3 Kh7 20. Nc4 Bxc4 $1 21. bxc4 Qc7 (21... Kg7 $11) 22. Qh4 ({White should play} 22. f4 $14) 22... Kg7 $11 23. Ra1 b5 24. Be3 Rab8 25. Bd3 Be7 26. Bg5 ({Better is} 26. Bb6 $11 Qd6 27. Qh3) 26... Ng8 27. Bxe7 Nxe7 28. Be2 Ng8 29. Qg5 Nf6 30. Qe3 Rfd8 31. Rfc1 {Precision: White = 50%, Black = 62%.} (31. f4 $11) 1/2-1/2

[Event "29th IND-ch U17 Girls 2018"]
[Site "Sonipat"]
[Date "2018.09.11"]
[Round "11"]
[White "Harshini A"]
[Black "Toshali, V."]
[Result "1/2-1/2"]
[WhiteElo "2160"]
[BlackElo "1875"]
[Annotator "TA"]
[PlyCount "95"]
[EventDate "2018.09.05"]
[EventCountry "IND"]
[SourceTitle "playchess.com"]
[Source "ChessBase"]
[SourceQuality "1"]

{[%evp 30,95,-5,-16,56,50,75,72,75,50,57,62,54,27,26,21,32,35,29,26,57,0,0,0,0,0,0,0,0,0,53,45,50,48,72,30,53,53,53,53,54,36,52,53,55,55,59,14,14,14,14,0,18,10,14,12,42,42,46,46,47,43,61,41,83,83,67,65]} 1. e4 e5 2. Nf3 Nc6 3. Bb5 a6 4. Ba4 Nf6 5. O-O Be7 6. Re1 b5 7. Bb3 d6 8. c3 O-O 9. d4 {[%cal Bd2d4,Bd4d5][%mdl 32]} Bg4 10. d5 Na5 11. Bc2 Qc8 12. h3 Bd7 13. Nbd2 {[%cal Bb1d2,Bd2f1,Bf1e3,Be3g4][%mdl 32]} c6 14. dxc6 Qxc6 15. Nf1 Rfc8 {C91: Closed Ruy Lopez: 7...d6 8 c3 0-0 9 d4} 16. Ne3 {LiveBook: 6 Games} Be6 ({Black should play} 16... Rab8 $11) (16... Nc4 17. Nf5 Bxf5 18. exf5 h6 19. a4 Bd8 20. b3 Nb6 21. axb5 axb5 22. Rxa8 Rxa8 23. Bb2 {½-½ (80) Perunovic,M (2622)-Karjakin,S (2762) Berlin 2015}) 17. Ng5 $14 h6 $146 ({Predecessor:} 17... Nc4 18. Nxe6 fxe6 19. Ng4 Rf8 20. b3 Nb6 21. Re3 Nxg4 22. Qxg4 Rf6 23. Rg3 {0-1 (35) Quillan,G (2320)-Littlewood,P (2400) Birmingham 2001}) 18. Nxe6 fxe6 19. Ng4 Rf8 20. a4 Bd8 21. Bb3 Nxb3 22. Qxb3 Qc4 23. Qd1 Nxg4 24. Qxg4 Rf6 25. Qe2 (25. Qd1 $14) 25... Bb6 $11 26. Be3 Bxe3 27. Qxe3 bxa4 28. Qe2 Qc6 29. Qc2 Qb6 (29... Rb8 $11) 30. Rxa4 Raf8 {[%cal Rf6f2]} 31. Re2 R6f7 32. Qd2 Qc6 33. Ra1 Rb7 34. Qd3 Rb6 35. Rd2 Rfb8 36. b4 Rc8 37. Ra3 Qc4 38. Qxc4 (38. Qf3 {keeps more tension.} Rbc6 39. Qe3 Kh7 40. f3 Qb5 41. Rd1) 38... Rxc4 $14 {[%mdl 4096] Endgame KRR-KRR} 39. f3 Kf7 40. Rda2 Rcc6 41. Kf2 d5 42. Ke3 d4+ 43. cxd4 exd4+ 44. Kxd4 Rxb4+ 45. Ke3 Rbb6 46. Ra5 Ke7 47. Kf4 Kf6 48. h4 {Precision: White = 48%, Black = 47%.} 1/2-1/2

[Event "29th IND-ch U17 Girls 2018"]
[Site "Sonipat"]
[Date "2018.09.11"]
[Round "11"]
[White "Priyanka, Kumari"]
[Black "Sanskriti Goyal"]
[Result "1-0"]
[WhiteElo "2005"]
[BlackElo "1965"]
[Annotator "NA RC"]
[PlyCount "51"]
[EventDate "2018.09.05"]
[EventCountry "IND"]
[SourceTitle "playchess.com"]
[Source "ChessBase"]
[SourceQuality "1"]
[TimeControl "5400+30"]

1. e4 {[%emt 0:00:00]} c5 {[%emt 0:00:00]} 2. Nf3 {[%emt 0:00:00]} d6 {[%emt 0:00:00]} 3. d4 {[%emt 0:00:00]} cxd4 {[%emt 0:00:00]} 4. Nxd4 {[%emt 0:00:00]} Nf6 {[%emt 0:00:00]} 5. Nc3 {[%emt 0:00:01]} a6 {[%emt 0:00:01]} 6. Bd3 {[%emt 0:00:01]} e5 {[%emt 0:00:01]} 7. Nde2 {[%emt 0:00:00]} Be7 {[%emt 0:00:01]} 8. O-O {[%emt 0:00:00]} O-O {[%emt 0:00:01]} 9. Ng3 {[%emt 0:00:01]} g6 {[%emt 0:00:01]} 10. Bh6 {[%emt 0:00:01]} Re8 {[%emt 0:00:01]} 11. Qd2 {[%emt 0:00:01]} Be6 {[%emt 0:55:32]} 12. Nd5 $15 {[%emt 0:00:02]} Bxd5 {[%emt 0:00:00]} 13. exd5 {[%emt 0:00:00]} Ng4 {[%emt 0:00:00]} 14. Be3 {[%emt 0:00:00]} f5 {[%emt 0:00:01]} 15. Qb4 {[%emt 0:00:00]} Nd7 {[%emt 0:00:00]} 16. Nxf5 {[%emt 0:00:04]} gxf5 {[%emt 0:00:00]} 17. Bxf5 {[%emt 0:00:00]} Nxe3 {[%emt 0:00:00]} 18. fxe3 {[%emt 0:00:00]} Kh8 {[%emt 0:00:01]} 19. Bxh7 {[%emt 0:00:00]} Kxh7 {[%emt 0:00:00]} 20. Qe4+ {[%emt 0:00:00]} Kh6 {[%emt 0:00:05]} 21. Rf3 {[%emt 0:00:03]} Nf6 {[%emt 0:00:00]} 22. Rh3+ {[%emt 0:00:01]} Kg7 {[%emt 0:00:01]} 23. Rg3+ {[%emt 0:00:01]} Kh8 {[%emt 0:00:00]} 24. Qg6 {[%emt 0:00:00]} Rg8 {[%emt 0:00:01]} 25. Rh3+ {[%emt 0:00:00]} Nh7 {[%emt 0:00:00]} 26. Qxh7# {[%emt 0:00:00]} 1-0

[Event "29th IND-ch U17 Girls 2018"]
[Site "Sonipat"]
[Date "2018.09.11"]
[Round "11"]
[White "Jyothsna L"]
[Black "Tanishka Kotia"]
[Result "1-0"]
[WhiteElo "1964"]
[BlackElo "1918"]
[Annotator "NA RC"]
[PlyCount "75"]
[EventDate "2018.09.05"]
[EventCountry "IND"]
[SourceTitle "playchess.com"]
[Source "ChessBase"]
[SourceQuality "1"]
[TimeControl "5400+30"]

{[%evp 8,75,13,21,16,13,12,25,21,19,62,55,147,146,152,157,160,148,163,168,165,158,187,175,185,174,163,150,197,211,225,222,237,209,226,235,282,231,289,234,550,275,379,326,345,347,428,513,553,444,460,485,654,560,1106,1314,990,798,775,846,801,1048,903,1185,1157,1798,4998,4894,29991,29992]} 1. d4 {[%emt 0:00:00]} Nf6 {[%emt 0:00:04]} 2. c4 {[%emt 0:00:06]} e6 {[%emt 0:00:03]} 3. Nc3 {[%emt 0:00:06]} d5 {[%emt 0:00:03]} 4. cxd5 {[%emt 0:00:09]} exd5 {[%emt 0:00:04]} 5. Bg5 {[%emt 0:00:06]} c6 {[%emt 0:00:17]} 6. Qc2 {[%emt 0:00:21]} Be7 {[%emt 0:00:31]} 7. e3 {[%emt 0:00:13]} h6 {[%emt 0:00:37]} 8. Bh4 {[%emt 0:00:07] LiveBook: 65 Games} Nh5 {[%emt 0:01:04] D36: Queen's Gambit Declined: Exchange Variation: Main line (5 Bg5 c6 6 Qc2)} (8... O-O 9. Bd3 Re8 10. Nge2 Nh5 11. Bxe7 Qxe7 12. h3 a5 13. a3 Nd7 14. Na4 Qh4 15. g3 Qd8 16. g4 Nhf6 17. Ng3 Nf8 18. O-O-O {1-0 (67) Caruana,F (2799)-Kramnik,V (2803) Douglas 2017}) 9. Bxe7 {[%emt 0:00:24]} Qxe7 {[%emt 0:00:00] [#]} (9... Kxe7 $14 10. h3 Qb6) 10. Nxd5 $1 {[%emt 0:01:28]} Qd6 {[%emt 0:06:36]} 11. Nc3 {[%emt 0:00:28]} Nd7 $146 {[%emt 0:03:07]} ({Predecessor:} 11... O-O 12. Be2 Nf6 13. Nf3 Bg4 14. h3 Be6 15. g4 g6 16. Ne5 {1-0 (24) Olivares Canelles,F (2298)-Perez Torres,Y (2096) Havana 2010}) 12. Qe4+ {[%emt 0:02:10]} Kf8 {[%emt 0:01:37]} 13. Nf3 {[%emt 0:00:40]} Nhf6 {[%emt 0:01:15]} 14. Qc2 {[%emt 0:00:13]} Nb6 {[%emt 0:05:37]} 15. Rc1 {[%emt 0:01:07]} Be6 {[%emt 0:06:34]} 16. Bd3 {[%emt 0:02:20]} Nfd5 {[%emt 0:02:57]} 17. a3 {[%emt 0:02:17]} g6 {[%emt 0:10:40]} 18. Ne4 {[%emt 0:02:00]} Qe7 {[%emt 0:05:25]} 19. Nc5 {[%emt 0:09:45]} Kg7 {[%emt 0:09:11]} 20. Ne5 {[%emt 0:01:38]} Rae8 {[%emt 0:04:06]} 21. O-O {[%emt 0:05:22]} h5 {[%emt 0:02:00]} 22. Rce1 {[%emt 0:01:17]} Bc8 {[%emt 0:04:35]} 23. f4 {[%emt 0:04:34]} Qc7 $2 {[%emt 0:09:32] [#]} (23... Qd6 {is a better chance.} 24. Ne4 Qd8) 24. Qf2 {[%emt 0:03:08]} (24. Bxg6 $142 $1 {[%mdl 512]} Re7 (24... fxg6 25. Qxg6+) 25. Bxf7 Rxf7 26. Qg6+ Kf8 27. f5 (27. Qxf7+ Qxf7 28. Nxf7 Kxf7 $18)) 24... Nd7 {[%emt 0:01:40]} (24... f5 {was called for.} 25. e4 Ne7) 25. Ncxd7 {[%emt 0:00:55]} Bxd7 {[%emt 0:02:31]} 26. f5 {[%emt 0:01:55]} g5 {[%emt 0:02:53]} 27. f6+ {[%emt 0:00:51]} Kf8 {[%emt 0:01:38]} 28. Qg3 {[%emt 0:03:36]} Rg8 {[%emt 0:00:56]} 29. Bh7 {[%emt 0:13:00]} Rh8 {[%emt 0:00:33]} 30. Be4 {[%emt 0:01:09]} Rg8 {[%emt 0:01:00]} 31. Bxd5 {[%emt 0:01:04]} Rxe5 {[%emt 0:01:11]} 32. Qxe5 {[%emt 0:00:47]} Qxe5 {[%emt 0:00:12]} 33. dxe5 {[%emt 0:00:00]} cxd5 {[%emt 0:00:05]} 34. e4 {[%emt 0:00:32]} Ke8 {[%emt 0:05:06]} 35. exd5 {[%emt 0:00:06]} Kd8 {[%emt 0:01:16]} 36. e6 {[%emt 0:00:00]} fxe6 $18 {[%emt 0:00:27]} 37. dxe6 {[%emt 0:00:00]} Bb5 {[%emt 0:00:19]} 38. f7 {[%emt 0:00:05]} 1-0